| 000 | 00677nam a2200217Ia 4500 | ||
|---|---|---|---|
| 008 | 191130s1997##################000#0#eng## | ||
| 020 | _a820411795 | ||
| 022 | _a97008544 | ||
| 040 |
_aACL _cACL |
||
| 082 | _a190 SWE | ||
| 100 | _aSweeney, Leo | ||
| 245 |
_aChristian philosophy : Greek, medieval, contemporary reflections _cLeo Sweeney |
||
| 260 |
_aFrankfurt am Main ; New York _bPeter Lang _cc1997 |
||
| 300 | _axxxviii, 714 p. ; 23 cm | ||
| 500 | _aIncludes bibliographical references and indexes | ||
| 650 | _aChristianity - Philosophy | ||
| 650 | _aPhilosophy and religion | ||
| 990 | _aa77a7ee7ac10000c279061aeab5ba078 | ||
| 991 | _a60697 | ||
| 999 |
_c129034 _d129034 |
||